000 00155nam a22000857a 4500
082 _a823
100 _aDISNEY BOOKS
245 _aTHE WORLD OF CARS
942 _cBK
999 _c8321
_d8321